La Rose, Op. 42
| Main Author: | Harmston, J. W. 1823-1881 |
|---|---|
| Language: | No linguistic content |
| Published: |
Berlin : Weinholtz, [1895?] |
| Physical Description: |
5 s. |
| LEADER | 00684ncm a22002172a 4500 | ||
|---|---|---|---|
| 001 | 001231008 | ||
| 003 | CZ BrMZK | ||
| 005 | 20120716133738.0 | ||
| 007 | qu | ||
| 008 | 120716s1895 gw |||||||||||||||||zxx d | ||
| 040 | |a BOA001 |b cze | ||
| 072 | 7 | |a 786 |x Hudba pro klávesové nástroje |2 Konspekt |9 9 | |
| 100 | 1 | |a Harmston, J. W. |q (John William), |d 1823-1881 |7 mzk2011631580 | |
| 245 | 1 | 3 | |a La Rose, Op. 42 |h [hudebnina] / |c J. W. Harmston |
| 260 | |a Berlin : |b Weinholtz, |c [1895?] | ||
| 300 | |a 5 s. | ||
| 500 | |a Pro klavír | ||
| 910 | |a BOA001 |b Mus4-0620.695 | ||
| 990 | |a MU | ||
| 991 | |b 201207 | ||
| 996 | 6 | |b 2619091479 |c Mus4-0620.695 |l MZK |r Sklad / do 1 hodiny |n 0 |w 001264811 |u 000010 |a 1 |e BOA001 |j MZK50 |s P | |
English
Čeština 